Central Library OPAC University of Rajshahi

عصر المرابطين والموحدين فى المغرب والاندلس : وهو العصر الثالث من كتاب دولة الإسلام في الأندلس ;; easr almurabitin walmuahadin faa almaghrib waliandilas : wahu aleasr althaalith min kitab dawlat al'iislam fi al'andalus / (Record no. 78582)

MARC details
000 -LEADER
fixed length control field 01243aaa a2200241 a 4500
001 - CONTROL NUMBER
control field 78582
003 - CONTROL NUMBER IDENTIFIER
rucl marc code BD-RjUL
005 - DATE AND TIME OF LATEST TRANSACTION
control field 20211209083138.0
008 - FIXED-LENGTH DATA ELEMENTS--GENERAL INFORMATION
fixed length control field 211011s19641384ua ||||| |||| 00| 0 ara d
035 ## - SYSTEM CONTROL NUMBER
System control number (BD-RjUL) 78808
040 ## - CATALOGING SOURCE
Original cataloging agency BD-RjUL
Language of cataloging eng
Transcribing agency BD-RjUL
041 ## - LANGUAGE CODE
Language code of text/sound track or separate title ara
082 ## - DEWEY DECIMAL CLASSIFICATION NUMBER
Edition number 23
Classification number 946.02
Author mark and year ANA 1964
100 1# - MAIN ENTRY--PERSONAL NAME
Personal name عنان، محمد عبد الله ;; Annan, Muhammad Abdullah,
Dates associated with a name 1896-1986 -١٩٨٦-١٨٩٦
9 (RLIN) 248549
245 14 - TITLE STATEMENT
Title عصر المرابطين والموحدين فى المغرب والاندلس : وهو العصر الثالث من كتاب دولة الإسلام في الأندلس ;; easr almurabitin walmuahadin faa almaghrib waliandilas : wahu aleasr althaalith min kitab dawlat al'iislam fi al'andalus /
Statement of responsibility, etc. محمد عبد الله عنان ;; Mohammed Abdullah Anan
250 ## - EDITION STATEMENT
Edition statement 1st ed.
260 ## - PUBLICATION, DISTRIBUTION, ETC. (IMPRINT)
Place of publication, distribution, etc. القاهرة ;; Cairo :
Name of publisher, distributor, etc. مطبعة لجنة التاليف والترجمة والنشر ;; matbaeat lajnat altaalif waltarjamat walnashr
Date of publication, distribution, etc. 1964
300 ## - PHYSICAL DESCRIPTION
Pagination V. ;
505 ## - FORMATTED CONTENTS NOTE
Formatted contents note V.1. عصر المرابطين و بداية الدولة الموحدية
Formatted contents note v.2. عصر الموحدين وانهيار الأندلس الكبري
650 ## - SUBJECT ADDED ENTRY--TOPICAL TERM
Topical term or geographic name as entry element Spain
9 (RLIN) 249078
942 ## - ADDED ENTRY ELEMENTS (KOHA)
Source of classification or shelving scheme Dewey Decimal Classification
Koha item type Books
Holdings
Lost status Source of classification or shelving scheme Damaged status Not for loan Collection code Permanent Location Current Location Shelving location Date acquired Source of acquisition Cost, normal purchase price Total Checkouts Full call number Date last seen Copy number Koha item type
  Dewey Decimal Classification   Not For Loan Non-fiction Central Library, University of Rajshahi Central Library, University of Rajshahi Reading Room 11/10/2021 Zeitlinger 1968.00   946.02 ENA V-2 1964 11/10/2021 C-1 Books
  Dewey Decimal Classification   Not For Loan Non-fiction Central Library, University of Rajshahi Central Library, University of Rajshahi Reading Room 09/09/1968 zeitlinger     A 946.02 ANA V-1 1964 01/11/2021 C-1 Books